000 00544nam a2200193Ia 4500
005 20250508154642.0
008 008 250505s9999 xx 000 0 hin d
037 _aBooks to be hide in OPAC
040 _aFEDL
_beng
_cFEDL
041 _ahin
_2eng
084 _a491.4307, SAF/O
_qFEDL
100 _aSafaya Raghunath
_984050
245 0 _aHindi shikshan vidhi
260 _aJalandhar, India
_bPunjab Kitab Ghar
_c1967
300 _a430p
365 _aINR
_b7.5
942 _cHB
_h491.4307, SAF/O
999 _c1351412
_d1351412